000 01611nam a22004217a 4500
003 CHAP
005 20220329143402.0
008 090211s2008 mx a r 00010 spa d
010 _a95814
011 _a96786
035 _a107443
040 _cCHAP
090 _aTesis
100 0 0 _aGonzález Reyes, Mónica.
_949332
245 1 0 _aInclusión de harina de lombriz en dietas para conejos de engorda
_c/por Mónica González Reyes
260 _aChapingo, Méx. :
_bEl autor,
_c2008
300 _axi, 92 h. :
_bcuadros, gráfs.
502 _aTesis (M.C. en Producción Animal) -- UACH. Departamento de Zootecnia
530 _aTambién disponible en línea
590 _aALEPH
_b10
_c20130110
_lUCH01
_h1526
590 _aBATCH-UPD
_b10
_c20130110
_lUCH01
_h0137
590 _aBATCH-UPD
_b10
_c20130110
_lUCH01
_h0741
590 _aBATCH-UPD
_b10
_c20130409
_lUCH01
_h2134
590 _aBATCH-UPD
_b10
_c20130410
_lUCH01
_h0523
590 _aBATCH-UPD
_b10
_c20130914
_lUCH01
_h1027
590 _aBATCH-UPD
_b10
_c20140324
_lUCH01
_h1510
590 _aBATCH-UPD
_b10
_c20141002
_lUCH01
_h0838
590 _aCONVERSION
_b10
_c20130109
_lUCH01
_h1353
650 1 4 _aConejos
_xAlimentación.
_926353
650 1 4 _aConejos
_xEngorda.
_926363
650 1 4 _aHarina de lombrices.
_952711
650 1 4 _aLombrices de tierra en alimentación animal.
_967521
856 _3Finding aid
_uhttp://10.13.5.2/tesis/107443.pdf
_zTeclea aqui
901 _aBK
942 _cFOLL
949 _aTesis
_bBC
_cTES
_d33724002084033
_eTS2
_fc.2
_gDonaciØn
_h48677
_i107443
_sb
949 _aTesis
_bBC
_cTES
_d33724002084074
_eTS1
_gDonaciØn
_h48676
_i107443
_sb
999 _c95814
_d95814